000 00589nam a22002057a 4500
005 20260304075513.0
008 260226b |||||||| |||| 00| 0 eng d
020 _a978-93-92333-01-9
082 _a578.76 Up65 2023
100 _aUpadhyay, Sushi K.
_9316
245 _aAquatic ecology /
_cSushi Kumar Upadhyay, Raj Singh
250 _a1st ed.
260 _aNew Delhi, IN:
_bParadise Press,
_cc2023
300 _ax, 302p.:
_bill.
504 _aIncludes index
541 _e7940 c.1
650 _aFreshwater biology
_9317
650 _aAquaculture
_9308
700 _aSingh, Raj
_eauthor
_9318
999 _c2534
_d2534